Online
Catalog

The wife of Columbus : (Record no. 33460)

MARC details
000 -CABECERA
campo de control de longitud fija 00549nam a2200157 a 4500
001 - NÚMERO DE CONTROL
campo de control 000033969
005 - FECHA Y HORA DE LA ÚLTIMA TRANSACCIÓN
campo de control 20200930070650.0
008 - DATOS DE LONGITUD FIJA--INFORMACIÓN GENERAL
campo de control de longitud fija 110915s1893 xxu 000 0 eng d
040 ## - FUENTE DE LA CATALOGACIÓN
Centro catalogador/agencia de origen DO-SdBNP
Lengua de catalogación spa
Centro/agencia transcriptor BNPHU
082 ## - NÚMERO DE LA CLASIFICACIÓN DECIMAL DEWEY
Número de clasificación xxx
Número de documento/Ítem F633t
100 1# - ENTRADA PRINCIPAL--NOMBRE DE PERSONA
Nombre de persona Florentino, Nicolau
9 (RLIN) 59429
245 10 - MENCIÓN DE TÍTULO
Título The wife of Columbus :
Resto del título with genealogical tree of the perestrello and moniz families /
Mención de responsabilidad, etc. Nicolau Florentino, Regina Maney.
260 ## - PUBLICACIÓN, DISTRIBUCIÓN, ETC.
Lugar de publicación, distribución, etc. New York :
Nombre del editor, distribuidor, etc. Press of Stettiner, Lambert & co.,
Fecha de publicación, distribución, etc. 1893.
300 ## - DESCRIPCIÓN FÍSICA
Extensión xiii, 48 p. ;
Dimensiones 19 cm.
700 1# - PUNTO DE ACCESO ADICIONAL--NOMBRE DE PERSONA
Nombre de persona Maney, Regina
9 (RLIN) 59430
Holdings
Estado de retiro Estado de pérdida Restricciones de uso No para préstamo Código de colección Localización permanente Ubicación/localización actual Ubicación en estantería Fecha de adquisición Número de inventario Total de préstamos Signatura topográfica completa Código de barras Fecha visto por última vez Precio válido a partir de Tipo de ítem Koha
      Excluido de préstamo Raros y valiosos General General En catalogación 15.09.2011 LF1   xxx F633t 33969-10 25.06.2020 25.06.2020 No se presta

Powered by Koha